[Event "WCPL:Cardiff-Abergavenny"]
[Site "?"]
[Date "2016.01.24"]
[Round "4.15"]
[White "Powell, Lloyd"]
[Black "Jones, Derek"]
[Result "1/2-1/2"]
[WhiteElo "1900"]
[BlackElo "2096"]
[PlyCount "129"]
[EventDate "2016.01.24"]
[EventCountry "WLS"]

1. d4 Nf6 2. c4 c5 3. d5 b5 4. cxb5 a6 5. bxa6 g6 6. Nc3 Bxa6 7. g3 d6 8. Bg2
Bg7 9. Nf3 Nbd7 10. O-O Nb6 11. Re1 O-O 12. a4 Nc4 13. Rb1 Rb8 14. Qc2 Nd7 15.
b3 Qa5 16. Na2 Nde5 17. Rd1 Nxf3+ 18. Bxf3 Ne5 19. Bg2 Rfc8 20. Bd2 Qd8 21. Nc3
Rb7 22. h3 Rcb8 23. f4 Nd7 24. Kh2 c4 25. b4 Rxb4 26. Nb5 Rxb1 27. Rxb1 Bxb5
28. axb5 c3 29. Be1 Qa5 30. Be4 Rxb5 31. Rxb5 Qxb5 32. Bxc3 Bxc3 33. Qxc3 Qxe2+
34. Bg2 Nc5 35. Qd4 Nd3 36. Qc4 Qd2 37. Qd4 Qe2 38. Qc4 Qd2 39. Qd4 h6 40. Kg1
Qc1+ 41. Bf1 Ne1 42. Kf2 Nc2 43. Qe4 Qd2+ 44. Be2 Qd4+ 45. Qxd4 Nxd4 46. Bd3
Kg7 47. g4 g5 48. Ke3 Nb3 49. Bc2 Nc5 50. f5 Kf6 51. Kd4 e5+ 52. dxe6 fxe6 53.
fxe6 Nxe6+ 54. Ke4 Nf4 55. h4 d5+ 56. Kf3 Ke5 57. hxg5 hxg5 58. Ke3 d4+ 59. Kd2
d3 60. Ba4 Nh3 61. Kxd3 Kf4 62. Bd7 Nf2+ 63. Ke2 Nxg4 64. Kf1 Ne3+ 65. Kf2
1/2-1/2

[Event "WCPL:Cardiff-Abergavenny"]
[Site "?"]
[Date "2016.01.24"]
[Round "4.16"]
[White "Thompson, Keith"]
[Black "Spencer, Douglas"]
[Result "1/2-1/2"]
[WhiteElo "1795"]
[BlackElo "2017"]
[PlyCount "62"]
[EventDate "2016.01.24"]
[EventCountry "WLS"]

1. e4 e5 2. Nf3 Nf6 3. Nxe5 d6 4. Nf3 Nxe4 5. d4 d5 6. Bd3 Nc6 7. O-O Be7 8. c4
Bg4 9. cxd5 Qxd5 10. Nc3 Nxc3 11. bxc3 O-O 12. Re1 Bxf3 13. Qxf3 Qxf3 14. gxf3
Bd6 15. Rb1 Rab8 16. Bd2 b6 17. Bg5 h6 18. Bd2 Nd8 19. f4 Ne6 20. Re4 c6 21. h4
Rfe8 22. f5 Nc7 23. Rbe1 Rxe4 24. Rxe4 Nd5 25. Kg2 Kf8 26. Kf3 b5 27. Re1 Be7
28. Kg4 Bd6 29. Kf3 Be7 30. Kg4 Nf6+ 31. Kf3 Bd6 1/2-1/2

[Event "WCPL:Cardiff-Abergavenny"]
[Site "?"]
[Date "2016.01.24"]
[Round "4.17"]
[White "Parry, Matthew"]
[Black "Sivarajasingam, Shayanna"]
[Result "1-0"]
[WhiteElo "1899"]
[BlackElo "1540"]
[PlyCount "143"]
[EventDate "2016.01.24"]
[EventCountry "WLS"]

1. d4 d5 2. c4 e6 3. Nc3 Nf6 4. cxd5 exd5 5. Bg5 c6 6. e3 Be7 7. Bd3 O-O 8. Qc2
Nbd7 9. Nf3 Re8 10. O-O h6 11. Bh4 Ne4 12. Bxe7 Qxe7 13. Rab1 a5 14. a3 Ndf6
15. Ne5 Nxc3 16. Qxc3 c5 17. Bb5 Ne4 18. Qc2 Rd8 19. Bd3 cxd4 20. exd4 Nd6 21.
Rfe1 Qg5 22. Re3 Nf5 23. Rf3 g6 24. Qc7 Be6 25. Bxf5 Rac8 26. Nxf7 Rxc7 27.
Nxg5 Bxf5 28. Rxf5 gxf5 29. Ne6 Rdc8 30. Nxc7 Rxc7 31. Kf1 Rc4 32. Ke2 Rxd4 33.
Rc1 Re4+ 34. Kd3 Kf7 35. Rc7+ Kf6 36. g3 Re6 37. Rxb7 Ra6 38. Rb5 Ke5 39. f4+
Ke6 40. Kd4 a4 41. Rxd5 Rb6 42. Re5+ Kf6 43. Re2 Rb3 44. Kc4 h5 45. Rd2 Ke6 46.
Kc5 Kf7 47. Kc6 Kf6 48. Rd6+ Kg7 49. Rd7+ Kg6 50. Rb7 Rd3 51. Kb5 Rb3+ 52. Ka6
Re3 53. Rb6+ Kg7 54. Ka5 Re2 55. Kxa4 Rxh2 56. Rb3 h4 57. gxh4 Rxh4 58. Rb4 Kg6
59. Kb5 Rh1 60. a4 Kf6 61. Kc5 Ra1 62. Rb6+ Ke7 63. b3 Kf7 64. Kd5 Re1 65. Rb4
Kf6 66. a5 Ra1 67. Ra4 Rd1+ 68. Kc5 Rc1+ 69. Kb6 Rc3 70. Rb4 Rc8 71. a6 Ke6 72.
a7 1-0

[Event "WCPL:Cardiff-Abergavenny"]
[Site "?"]
[Date "2016.01.24"]
[Round "4.18"]
[White "Sivarajasingam, Venetia"]
[Black "Waterfield, John W"]
[Result "1-0"]
[WhiteElo "1556"]
[BlackElo "1913"]
[PlyCount "91"]
[EventDate "2016.01.24"]
[EventCountry "WLS"]

1. e4 c5 2. Nf3 Nc6 3. Bb5 Nd4 4. Nxd4 cxd4 5. O-O g6 6. d3 Bg7 7. f4 a6 8. Bc4
b5 9. Bd5 Rb8 10. Nd2 e6 11. Bb3 Ne7 12. Nf3 d5 13. a4 O-O 14. axb5 axb5 15.
Bd2 dxe4 16. dxe4 Nc6 17. Qe1 Qb6 18. Kh1 Ba6 19. Qh4 b4 20. Rfe1 Na5 21. Ba2
Nc4 22. Bxc4 Bxc4 23. f5 exf5 24. exf5 Qf6 25. fxg6 Qxh4 26. gxf7+ Rxf7 27.
Nxh4 Rf2 28. Nf3 d3 29. Kg1 Re2 30. Rxe2 dxe2 31. Ra4 Bf8 32. Kf2 Bc5+ 33. Be3
Bb5 34. Ra5 Bxe3+ 35. Kxe3 Re8+ 36. Kf2 e1=Q+ 37. Nxe1 Re2+ 38. Kf3 Re5 39.
Ra8+ Kg7 40. Ra7+ Kg6 41. Nd3 Bc6+ 42. Kf2 Rf5+ 43. Ke3 Rf6 44. Ra6 Kf5 45.
Nxb4 Re6+ 46. Kf2 1-0

[Event "WCPL:Abergavenny-White Knights"]
[Site "?"]
[Date "2016.03.13"]
[Round "5.1"]
[White "Strugnell, Carl"]
[Black "Morris, Charles F"]
[Result "1-0"]
[WhiteElo "2202"]
[BlackElo "2144"]
[PlyCount "41"]
[EventDate "2016.??.??"]

1. e4 e6 2. d4 d5 3. Nc3 Nf6 4. e5 Nfd7 5. f4 c5 6. Nf3 Nc6 7. Be3 cxd4 8. Nxd4
Bc5 9. Qd2 a6 10. O-O-O O-O 11. Nb3 Bb4 12. Bd3 f6 13. exf6 Qxf6 14. Rhf1 b6
15. Nd4 Bb7 16. g4 Nc5 17. g5 Qe7 18. Qe2 Bxc3 19. Bxh7+ Kh8 20. Bg6 Bxb2+ 21.
Kb1 1-0

[Event "WCPL:Abergavenny-White Knights"]
[Site "Aberkenfig Social Club"]
[Date "2016.03.13"]
[Round "5.2"]
[White "Zeidler, Sven P"]
[Black "Hewitt, William"]
[Result "1-0"]
[WhiteElo "2190"]
[BlackElo "2033"]
[PlyCount "91"]
[EventDate "2015.??.??"]

1. e4 c5 2. f4 d5 3. exd5 Nf6 4. Bb5+ Bd7 5. Bxd7+ Qxd7 6. c4 e6 7. Nf3 exd5 8.
Ne5 Qd8 9. Qb3 Qb6 10. Nc3 d4 11. Qa4+ Nbd7 12. Nd5 Qd6 13. Nxd7 Nxd7 14. O-O
O-O-O 15. Qxa7 Qa6 16. Qxa6 bxa6 17. Re1 Bd6 18. d3 Rde8 19. Bd2 f5 20. a3 Kb7
21. b4 Kc6 22. Rab1 g6 23. Kf2 Rhf8 24. b5+ axb5 25. Rxe8 Rxe8 26. Rxb5 Ra8 27.
Ra5 Rxa5 28. Bxa5 Nf8 29. Kf3 Kd7 30. Be1 Bc7 31. Bh4 Ba5 32. Bf6 Ne6 33. g4
fxg4+ 34. Kxg4 h5+ 35. Kf3 Nf8 36. Ke4 Ke6 37. Be5 Nd7 38. a4 Nxe5 39. fxe5 g5
40. Nf6 Bc7 41. Nxh5 Bxe5 42. Ng3 Bc7 43. Kf3 Kf6 44. Kg4 Kg6 45. h3 Bd8 46.
Ne4 1-0

[Event "WCPL:Abergavenny-White Knights"]
[Site "Aberkenfig Social Club"]
[Date "2016.03.13"]
[Round "5.3"]
[White "Bevan, Peter M"]
[Black "May, Frank"]
[Result "0-1"]
[WhiteElo "1999"]
[BlackElo "2119"]
[PlyCount "102"]
[EventDate "2015.??.??"]

1. c4 Nf6 2. Nc3 e6 3. e4 d5 4. e5 d4 5. exf6 dxc3 6. bxc3 Qxf6 7. d4 Bd6 8.
Nf3 h6 9. Bd3 Nd7 10. O-O O-O 11. c5 Bf4 12. Ba3 c6 13. g3 Bc7 14. Nd2 e5 15.
Ne4 Qe6 16. Qe2 exd4 17. cxd4 Nf6 18. Nxf6+ Qxf6 19. Bb2 Bf5 20. Bxf5 Qxf5 21.
Qe7 Qc8 22. Qe4 Re8 23. Qf3 Qd7 24. Rad1 Rad8 25. Rfe1 Re6 26. Rxe6 Qxe6 27.
Qb3 Qxb3 28. axb3 f5 29. Re1 Kf7 30. Kg2 Rd5 31. Bc3 Bd8 32. Re5 Bf6 33. Rxd5
cxd5 34. b4 a6 35. h4 Ke6 36. Kf3 h5 37. Kf4 g6 38. Ke3 Kd7 39. Kd3 Kc6 40. Kc2
Kb5 41. Kb3 f4 42. Bb2 f3 43. Kc3 g5 44. Bc1 gxh4 45. gxh4 Bxh4 46. Be3 Bd8 47.
Bf4 h4 48. Kd3 h3 49. Ke3 Bg5 50. Kxf3 Bxf4 51. Kxf4 h2 0-1

[Event "WCPL:Abergavenny-White Knights"]
[Site "Aberkenfig Social Club"]
[Date "2016.03.13"]
[Round "5.4"]
[White "Parry, Matthew"]
[Black "Garcia, Jason"]
[Result "0-1"]
[WhiteElo "1901"]
[BlackElo "2044"]
[PlyCount "70"]
[EventDate "2015.??.??"]

1. d4 f5 2. e4 fxe4 3. Nc3 Nf6 4. Bg5 c6 5. Bxf6 exf6 6. Nxe4 d5 7. Nd2 Be6 8.
c3 Bd6 9. Bd3 Nd7 10. Qh5+ Bf7 11. Qe2+ Qe7 12. Qxe7+ Kxe7 13. Ngf3 Bg6 14.
Bxg6 hxg6 15. Ke2 Kf7 16. Kd3 a5 17. h4 Nb6 18. a3 a4 19. g3 Nc8 20. c4 dxc4+
21. Nxc4 b5 22. Nxd6+ Nxd6 23. Rac1 Nc4 24. Nd2 Na5 25. Rc5 Rhd8 26. Kc3 Rac8
27. Kd3 Nb7 28. Rcc1 c5 29. Nf3 Na5 30. Ke4 Nb3 31. Rc3 Nxd4 32. Nxd4 Rxd4+ 33.
Ke3 Re8+ 34. Kf3 c4 35. Rhc1 Rd2 0-1

[Event "WCPL:Abergavenny-White Knights"]
[Site "Aberkenfig Social Club"]
[Date "2016.03.13"]
[Round "5.5"]
[White "Jones, Ian Robert"]
[Black "Waterfield, John W"]
[Result "0-1"]
[WhiteElo "1998"]
[BlackElo "1912"]
[PlyCount "66"]
[EventDate "2015.??.??"]

1. e4 g6 2. d4 Bg7 3. c3 d5 4. exd5 Qxd5 5. Be2 Nf6 6. Bf3 Qd8 7. Bg5 O-O 8.
Qd2 c6 9. Ne2 Nbd7 10. g3 e5 11. O-O Qc7 12. Bg2 Nb6 13. dxe5 Ng4 14. Na3 Nxe5
15. b3 Bh3 16. Rad1 f6 17. Bf4 Bxg2 18. Kxg2 Rad8 19. Qc1 Qe7 20. Nd4 Nd5 21.
Rfe1 Qf7 22. c4 Nxf4+ 23. Qxf4 c5 24. Ndb5 Nd3 25. Rxd3 Rxd3 26. Nxa7 Re8 27.
Rxe8+ Qxe8 28. N7b5 f5 29. Kh3 Be5 30. Qg5 f4 31. Nb1 h5 32. Kg2 Qc6+ 33. Kh3
Qe6+ 0-1

[Event "WCPL:Abergavenny-White Knights"]
[Site "Aberkenfig Social Club"]
[Date "2016.03.13"]
[Round "5.6"]
[White "Miles, Richard"]
[Black "Buttell, David"]
[Result "1-0"]
[WhiteElo "1949"]
[BlackElo "1813"]
[PlyCount "71"]
[EventDate "2015.??.??"]

1. d4 d5 2. c4 e6 3. Nc3 Nf6 4. cxd5 exd5 5. Bg5 Be7 6. e3 c6 7. Qc2 Nbd7 8.
Bd3 O-O 9. Nge2 Re8 10. h3 Nf8 11. O-O-O g6 12. g4 Ne6 13. Bh4 Ng7 14. Kb1 Nd7
15. Bxe7 Qxe7 16. Ng3 Nf8 17. Rde1 Bd7 18. Rhg1 Nfe6 19. f4 b5 20. Qf2 b4 21.
Nd1 Qf8 22. h4 Nd8 23. f5 Nb7 24. h5 Red8 25. hxg6 fxg6 26. Qh2 gxf5 27. gxf5
Be8 28. f6 Bg6 29. Bxg6 hxg6 30. fxg7 Qxg7 31. Nf5 Qf6 32. Ref1 Qe6 33. Ne7+
Kg7 34. Rxg6+ Qxg6+ 35. Nxg6 Kxg6 36. Qg3+ 1-0

[Event "WCPL:The Vale-Nidum"]
[Site "Aberkenfig Social Club"]
[Date "2016.03.13"]
[Round "5.7"]
[White "Ralphs, Nigel"]
[Black "Saunders, Robert"]
[Result "1/2-1/2"]
[WhiteElo "2020"]
[BlackElo "2073"]
[PlyCount "50"]
[EventDate "2015.??.??"]

1. e4 e5 2. Nf3 Nf6 3. d4 Nxe4 4. Bd3 d5 5. Nxe5 Bd6 6. O-O O-O 7. c4 c6 8. Nc3
Nxc3 9. bxc3 Qf6 10. Qh5 g6 11. Bg5 Qh8 12. Qf3 f6 13. Bh6 fxe5 14. Bxf8 Bxf8
15. cxd5 Qg7 16. Bc4 cxd5 17. Bxd5+ Kh8 18. Rab1 Nd7 19. Bxb7 Rb8 20. Bxc8 Rxc8
21. Rb7 exd4 22. cxd4 Rd8 23. Re1 a5 24. g3 Bb4 25. Re6 Qxd4 1/2-1/2

[Event "WCPL:The Vale-Nidum"]
[Site "Aberkenfig Social Club"]
[Date "2016.03.13"]
[Round "5.8"]
[White "Yeo, Gareth"]
[Black "Taylor, Robert Graham"]
[Result "0-1"]
[WhiteElo "1971"]
[BlackElo "1980"]
[PlyCount "114"]
[EventDate "2015.??.??"]

1. d4 Nf6 2. c4 g6 3. Nc3 d5 4. cxd5 Nxd5 5. e4 Nxc3 6. bxc3 Bg7 7. Bc4 O-O 8.
Ne2 c5 9. O-O Nc6 10. Be3 cxd4 11. cxd4 Qa5 12. Rb1 Rd8 13. Rb5 Qc7 14. Bf4 e5
15. Bg5 Re8 16. dxe5 Nxe5 17. Bd5 Rb8 18. Qb3 Bd7 19. Rc1 Bc6 20. f4 Qd7 21.
Rbc5 Ng4 22. Qf3 Bxd5 23. Rxd5 Qe6 24. e5 Qb6+ 25. Nd4 h5 26. h3 Nh6 27. Kh2
Rbc8 28. Rxc8 Rxc8 29. Rd7 Rf8 30. Qd5 Nf5 31. Nxf5 gxf5 32. Rxb7 Qe3 33. h4
Qe1 34. Qb3 a5 35. a4 Qe4 36. Qa2 Qxb7 37. Qe2 Qc6 38. Qxh5 Qg6 39. Qd1 f6 40.
Qd5+ Kh7 41. exf6 Bxf6 42. Qxa5 Bxg5 43. fxg5 Re8 44. Qc7+ Qg7 45. Qc2 Qe5+ 46.
Kh3 Qe4 47. Qd1 Qe3+ 48. g3 Qe6 49. h5 f4+ 50. Kh4 fxg3 51. g6+ Kg8 52. Qf1
Qe7+ 53. Kh3 Qd7+ 54. Kg2 Qd2+ 55. Kh3 Qh2+ 56. Kg4 Re4+ 57. Kf5 Qf2+ 0-1

[Event "WCPL:The Vale-Nidum"]
[Site "Aberkenfig Social Club"]
[Date "2016.03.13"]
[Round "5.9"]
[White "Servini, Mike"]
[Black "Davies, Matthew"]
[Result "1/2-1/2"]
[WhiteElo "1656"]
[BlackElo "1956"]
[PlyCount "172"]
[EventDate "2015.??.??"]

1. d4 d5 2. Nf3 Nf6 3. Bf4 e6 4. e3 c5 5. c3 Nc6 6. Bd3 Be7 7. Nbd2 O-O 8. Ne5
Nxe5 9. dxe5 Nd7 10. Qh5 f5 11. g4 g6 12. Qh6 Qe8 13. gxf5 exf5 14. Nf3 Qf7 15.
Rg1 Qg7 16. Qh3 Nb6 17. Bh6 Qf7 18. Bxf8 Qxf8 19. Qg3 Be6 20. h4 Qg7 21. h5 Kf7
22. hxg6+ hxg6 23. Ng5+ Bxg5 24. Qxg5 Nd7 25. f4 c4 26. Bc2 Rh8 27. O-O-O Qh6
28. Qxh6 Rxh6 29. Rh1 Rxh1 30. Rxh1 Kg7 31. Kd2 Nc5 32. Rb1 Bd7 33. b3 Bc6 34.
bxc4 dxc4 35. Ke2 Ne4 36. Bxe4 Bxe4 37. Rd1 a5 38. Rd7+ Kf8 39. Rd6 Kf7 40. a3
Kg7 41. Kd2 Kf7 42. a4 Bc6 43. Rd4 Bxa4 44. Rxc4 Bc6 45. Rd4 b5 46. Rd6 Be8 47.
Kc2 Ke7 48. Kb2 Bf7 49. Ra6 a4 50. Ka3 Be8 51. Kb4 Kf7 52. c4 bxc4 53. Kxc4 Ke7
54. Kb4 Kf7 55. Rxa4 Bxa4 56. Kxa4 Ke6 57. Kb4 g5 58. fxg5 Kxe5 59. Kc5 Ke6 60.
Kd4 Kd6 61. g6 Ke6 62. g7 Kf7 63. g8=Q+ Kxg8 64. Ke5 Kg7 65. Kxf5 Kf7 66. e4
Ke7 67. Ke5 Ke8 68. Kd6 Kd8 69. Kc6 Ke7 70. Kc5 Ke6 71. Kc4 Kd6 72. Kd4 Ke6 73.
e5 Ke7 74. Kd3 Ke6 75. Ke4 Ke7 76. Kf3 Kf7 77. Kg4 Ke6 78. Kf4 Ke7 79. Ke4 Ke6
80. Kf4 Ke7 81. Ke3 Ke6 82. Kd4 Ke7 83. Kd5 Kd7 84. e6+ Ke7 85. Ke5 Ke8 86. Kf6
Kf8 1/2-1/2

[Event "WCPL:The Vale-Nidum"]
[Site "Aberkenfig Social Club"]
[Date "2016.03.13"]
[Round "5.11"]
[White "Bonutto, Stephen"]
[Black "Moore, Robert"]
[Result "0-1"]
[WhiteElo "1378"]
[BlackElo "1811"]
[PlyCount "68"]
[EventDate "2015.??.??"]

1. e4 c6 2. d4 d5 3. exd5 cxd5 4. Nf3 Nc6 5. Be2 g6 6. Bf4 Bg7 7. c3 Nf6 8.
Nbd2 O-O 9. O-O Nh5 10. Bg3 Nxg3 11. hxg3 e5 12. dxe5 Nxe5 13. Nxe5 Bxe5 14.
Nf3 Bf6 15. Nd4 Qb6 16. Qd2 Bd7 17. Bf3 Bxd4 18. cxd4 Be6 19. Rac1 Rac8 20. Rc3
Rxc3 21. Qxc3 Rc8 22. Qd2 Rc4 23. Rd1 Qc7 24. Qe3 Rc2 25. Re1 Rxb2 26. Qa3 Qc2
27. Qe3 Qd2 28. Re2 Qxe3 29. fxe3 Rb1+ 30. Kf2 b6 31. e4 dxe4 32. Bxe4 Rd1 33.
Ke3 Bc4 34. Rf2 Re1+ 0-1

[Event "WCPL:East Glam Nomads-Cardiff"]
[Site "Aberkenfig Social Club"]
[Date "2016.03.13"]
[Round "5.13"]
[White "Rodriguez, Juan Talavera"]
[Black "Kett, Tim"]
[Result "1-0"]
[WhiteElo "1983"]
[BlackElo "2180"]
[PlyCount "73"]
[EventDate "2015.??.??"]

1. e4 e5 2. Nf3 Nc6 3. Bb5 a6 4. Ba4 Nf6 5. d3 b5 6. Bb3 Be7 7. O-O d6 8. c3
O-O 9. Re1 Na5 10. Bc2 c5 11. Nbd2 Re8 12. Nf1 h6 13. Ng3 Bf8 14. h3 g6 15. d4
cxd4 16. cxd4 exd4 17. Nxd4 Bg7 18. b3 Bb7 19. Bb2 h5 20. f3 Rc8 21. Qd2 Nc6
22. Rad1 Ne5 23. Bb1 h4 24. Ngf5 gxf5 25. Nxf5 Rc5 26. Bd4 Ned7 27. Nxd6 Bc6
28. Nxe8 Qxe8 29. Bxc5 Nxc5 30. Qg5 Ncd7 31. Rd6 Bb7 32. e5 Nd5 33. Bf5 Nf8 34.
Qxh4 Bxe5 35. Rd8 Bd4+ 36. Kh2 Be5+ 37. Kh1 1-0

[Event "WCPL:East Glam Nomads-Cardiff"]
[Site "Aberkenfig Social Club"]
[Date "2016.03.13"]
[Round "5.14"]
[White "Heaven, Peter"]
[Black "Fathallah, Joe"]
[Result "1-0"]
[WhiteElo "2033"]
[BlackElo "1969"]
[PlyCount "83"]
[EventDate "2015.??.??"]

1. e4 e6 2. b3 c5 3. Bb2 Nc6 4. Nf3 d5 5. exd5 exd5 6. Bb5 Nf6 7. Qe2+ Be7 8.
Bxf6 gxf6 9. O-O Be6 10. d4 Qb6 11. dxc5 Qxc5 12. Nbd2 O-O-O 13. b4 Nxb4 14.
Nb3 Qb6 15. Nfd4 Na6 16. a4 Rd6 17. Bd3 Rg8 18. a5 Qd8 19. Rfb1 Bh3 20. g3 Qd7
21. Bb5 Qc7 22. Re1 Bd8 23. Qh5 Bd7 24. Qxf7 Be6 25. Qh5 Bg4 26. Qh6 f5 27. Qe3
Bg5 28. f4 Bf6 29. Rab1 Nc5 30. Nxc5 Qxc5 31. c3 Qc7 32. Bd3 Bxd4 33. cxd4 Rc6
34. a6 bxa6 35. Rec1 Kd7 36. Bxa6 Rxc1+ 37. Rxc1 Qb6 38. Qe5 Rg6 39. Qxd5+ Qd6
40. Qf7+ Qe7 41. Bb5+ Kd8 42. Rc8+ 1-0

[Event "WCPL:East Glam Nomads-Cardiff"]
[Site "Aberkenfig Social Club"]
[Date "2016.03.13"]
[Round "5.15"]
[White "Thompson, Keith"]
[Black "Bridges, Paul"]
[Result "1-0"]
[WhiteElo "1814"]
[BlackElo "1821"]
[PlyCount "65"]
[EventDate "2015.??.??"]

1. e4 c5 2. Nc3 e6 3. g3 Nc6 4. Bg2 Nf6 5. d3 Be7 6. f4 d6 7. Nf3 O-O 8. O-O a6
9. Kh1 Qc7 10. Ne2 Rb8 11. h3 b5 12. Be3 Bb7 13. g4 Nd7 14. Ng3 e5 15. f5 Nd4
16. g5 d5 17. Nh2 dxe4 18. Nxe4 Bd6 19. c3 Nc6 20. Qh5 g6 21. Qh6 Nd8 22. Ng4
Bxe4 23. Bxe4 Re8 24. fxg6 fxg6 25. Bxg6 Re7 26. Be4 Ne6 27. Bd5 Ndf8 28. Rxf8+
Rxf8 29. Bxe6+ Ref7 30. Rf1 Kh8 31. Rxf7 Rxf7 32. Bxf7 Qxf7 33. Qf6+ 1-0

[Event "WCPL:East Glam Nomads-Cardiff"]
[Site "Aberkenfig Social Club"]
[Date "2016.03.13"]
[Round "5.16"]
[White "Thomas, Roy"]
[Black "Fox, Chris"]
[Result "0-1"]
[WhiteElo "1720"]
[BlackElo "1727"]
[PlyCount "100"]
[EventDate "2015.??.??"]

1. f4 d5 2. e3 g6 3. Nf3 Bg7 4. Be2 Nf6 5. O-O O-O 6. d3 c5 7. Nc3 Nc6 8. e4 d4
9. Na4 Nd7 10. c4 b6 11. Qe1 e6 12. Bd2 a6 13. b3 Qe7 14. Nb2 f5 15. e5 Bb7 16.
Qg3 Nd8 17. Nd1 Re8 18. Nf2 Nf8 19. h4 h5 20. Nh3 Nf7 21. Rfb1 Reb8 22. b4 Bc6
23. a4 Qe8 24. b5 axb5 25. axb5 Bb7 26. Nfg5 Nh6 27. Bf3 Ng4 28. Rxa8 Bxa8 29.
Ra1 Qc8 30. Ra7 Bb7 31. Qe1 Bh6 32. Qa1 Bxg5 33. Nxg5 Bxf3 34. Nxf3 Nh6 35. Ng5
Ng4 36. Qd1 Rb7 37. Qa4 Qc7 38. Ra8 Qd7 39. Rxf8+ Kxf8 40. Qa8+ Ke7 41. Nh7 Qc7
42. Qf8+ Kd7 43. Ng5 Ra7 44. Qf7+ Kc8 45. Qxe6+ Kb8 46. g3 Ra1+ 47. Kg2 Ra2 48.
Nf3 Qb7 49. Qg8+ Ka7 50. Qd5 Ne3+ 0-1

[Event "WCPL:East Glam Nomads-Cardiff"]
[Site "Aberkenfig Social Club"]
[Date "2016.03.13"]
[Round "5.17"]
[White "Sivarajasingam, Venetia"]
[Black "Hurn, Robert AJ"]
[Result "1-0"]
[WhiteElo "1587"]
[BlackElo "1654"]
[PlyCount "91"]
[EventDate "2015.??.??"]

1. e4 c5 2. Nf3 d6 3. Bb5+ Bd7 4. Bxd7+ Qxd7 5. c4 Nc6 6. Nc3 g6 7. d4 cxd4 8.
Nxd4 Bg7 9. Be3 Nh6 10. f3 f5 11. Qd2 Nf7 12. O-O Nfe5 13. b3 O-O 14. exf5 gxf5
15. Nd5 Rf7 16. Rad1 b6 17. Rfe1 Ng6 18. Bf2 e5 19. Nxc6 Qxc6 20. Nb4 Qb7 21.
Qxd6 Bf8 22. Qd2 a5 23. Nd5 Ra6 24. Qg5 b5 25. cxb5 Re6 26. Qc1 Bg7 27. Qc4 Re8
28. Rc1 Kh8 29. Nc7 Ref8 30. Ne6 Rb8 31. Nxg7 Rxg7 32. a4 Nf4 33. Bg3 Qb6+ 34.
Qc5 Qg6 35. Qxe5 Qb6+ 36. Kh1 Nd3 37. Qxb8+ Qxb8 38. Bxb8 Rf7 39. Be5+ Kg8 40.
Rc8+ Rf8 41. Rxf8+ Kxf8 42. Bd6+ Kg7 43. Re3 Nf2+ 44. Kg1 Nd1 45. Re7+ Kg6 46.
b6 1-0

[Event "WCPL:East Glam Nomads-Cardiff"]
[Site "Aberkenfig Social Club"]
[Date "2016.03.13"]
[Round "5.18"]
[White "Rovaretti, David"]
[Black "Sivarajasingam, Shayanna"]
[Result "1/2-1/2"]
[WhiteElo "1611"]
[BlackElo "1524"]
[PlyCount "101"]
[EventDate "2015.??.??"]

1. e4 e6 2. d4 d5 3. Nc3 dxe4 4. Nxe4 Nd7 5. Nf3 Ngf6 6. Bd3 Nxe4 7. Bxe4 Nf6
8. Bd3 c5 9. c3 cxd4 10. Qa4+ Bd7 11. Qxd4 Bc6 12. Be3 Qxd4 13. Bxd4 Bxf3 14.
gxf3 Bd6 15. O-O-O Bf4+ 16. Kb1 a6 17. h4 Rc8 18. Rde1 Ke7 19. Be4 Nxe4 20.
Rxe4 Bh6 21. Rhe1 Rc6 22. Rg4 f6 23. h5 Rhc8 24. f4 Kf7 25. Reg1 b5 26. Be3 Rc4
27. R4g2 Rg8 28. Rd1 Ke7 29. Rd4 Rxd4 30. cxd4 Kd6 31. Rg1 f5 32. Rc1 Rd8 33.
Rc5 Re8 34. Kc2 g6 35. hxg6 hxg6 36. Kd3 Bg7 37. a3 Rh8 38. Rc1 Rh4 39. Rg1 Rh6
40. b4 Kd5 41. Rc1 Kd6 42. Rc8 Rh8 43. Rc2 Kd7 44. f3 Rh3 45. Rg2 Rh6 46. Ra2
Bf8 47. a4 Bxb4 48. axb5 axb5 49. Rb2 Bd6 50. Rxb5 Kc6 51. Rb1 1/2-1/2

[Event "WCPL: White Knights-East Glam Nomads"]
[Site "?"]
[Date "2016.04.16"]
[Round "6.1"]
[White "Heaven, Peter"]
[Black "Strugnell, Carl"]
[Result "1/2-1/2"]
[WhiteElo "2025"]
[BlackElo "2193"]
[PlyCount "50"]
[EventDate "2016.03.14"]

1. e4 c5 2. Nf3 d6 3. d4 cxd4 4. Nxd4 Nf6 5. Nc3 Nc6 6. Bg5 e6 7. Qd2 a6 8.
O-O-O Be7 9. f4 Nxd4 10. Qxd4 b5 11. Bxf6 gxf6 12. f5 Qa5 13. Kb1 b4 14. Ne2 h5
15. Nf4 Qe5 16. Qd2 Rg8 17. Bc4 a5 18. fxe6 fxe6 19. g3 Kf7 20. Qe2 Rh8 21. Nd3
Qd4 22. Rhf1 Kg7 23. Nf4 Qe5 24. Nd3 Qd4 25. Nf4 Qe5 1/2-1/2

[Event "WCPL:White Knights-East Glam Nomads"]
[Site "?"]
[Date "2016.04.16"]
[Round "6.2"]
[White "Young, Alan"]
[Black "Robinson, David"]
[Result "1-0"]
[WhiteElo "2042"]
[BlackElo "1910"]
[PlyCount "85"]
[EventDate "2016.03.14"]

1. e4 d6 2. d4 Nf6 3. Nc3 Nbd7 4. g3 e5 5. Nge2 g6 6. Bg2 Bg7 7. O-O O-O 8. h3
c6 9. a4 b6 10. Be3 Bb7 11. f4 a6 12. dxe5 dxe5 13. f5 Qc7 14. g4 Rfd8 15. Qe1
b5 16. Ng3 b4 17. Nce2 Ne8 18. Qxb4 c5 19. Qe1 Nd6 20. b3 a5 21. Nc3 c4 22. Rd1
cxb3 23. cxb3 Nc5 24. Rc1 Nd3 25. Nd5 Qxc1 26. Qe2 Qb2 27. Qxd3 Ba6 28. Qb1
Qxb1 29. Rxb1 Bd3 30. Rc1 Bf8 31. f6 Kh8 32. Rc3 Ba6 33. Bb6 Rdc8 34. Bxa5 Rxc3
35. Bxc3 Bd3 36. Bxe5 Bc2 37. Ne7 Rd8 38. Nc6 Rd7 39. Nd4 Bd3 40. Kf2 Bh6 41.
g5 Bxg5 42. Ne6 Bh4 43. Nc5 1-0

[Event "WCPL:White Knights-East Glam Nomads"]
[Site "?"]
[Date "2016.04.16"]
[Round "6.3"]
[White "Dineen, Robert"]
[Black "Bevan, Peter M"]
[Result "1-0"]
[WhiteElo "1830"]
[BlackElo "1940"]
[PlyCount "75"]
[EventDate "2016.03.14"]

1. e4 e5 2. Nf3 Nf6 3. Nxe5 d6 4. Nf3 Nxe4 5. d4 d5 6. Bd3 Be7 7. O-O Nc6 8.
Nc3 Nxc3 9. bxc3 Be6 10. Re1 O-O 11. Ne5 Nxe5 12. Rxe5 Bf6 13. Re1 Qd7 14. Bf4
c5 15. Be5 Bxe5 16. Rxe5 c4 17. Be2 f6 18. Re3 Rfe8 19. Bf3 Bf5 20. Rxe8+ Rxe8
21. Qd2 Be4 22. Bxe4 Rxe4 23. f3 Re6 24. Re1 Ra6 25. Qf4 Rxa2 26. Qb8+ Kf7 27.
Qh8 Kg6 28. Qf8 Qf7 29. Qd6 h6 30. Re7 Qf8 31. Qd7 Rb2 32. Qg4+ Kh7 33. Qf5+
Kh8 34. Qe6 Rb6 35. Qd7 Kh7 36. Re8 Rd6 37. Qc8 Qf7 38. Rh8+ 1-0

[Event "WCPL:White Knights-East Glam Nomads"]
[Site "?"]
[Date "2016.04.16"]
[Round "6.4"]
[White "Garcia, Jason"]
[Black "Thomas, Roy"]
[Result "1/2-1/2"]
[WhiteElo "2050"]
[BlackElo "1752"]
[PlyCount "91"]
[EventDate "2016.03.14"]

1. e4 c5 2. Nf3 Nc6 3. Bb5 e6 4. Bxc6 bxc6 5. d3 Ne7 6. O-O Ng6 7. Re1 e5 8.
Nc3 Be7 9. Ne2 d6 10. h3 O-O 11. g4 Be6 12. Kh2 Nh4 13. Ng3 h6 14. Rg1 Nxf3+
15. Qxf3 Bg5 16. Nf5 Bxc1 17. Raxc1 Bxf5 18. gxf5 Qf6 19. Rg4 Kh7 20. Rcg1 Rg8
21. b3 Raf8 22. Qe3 g5 23. Qd2 Qd8 24. f3 f6 25. Qc3 Qc7 26. a4 a5 27. R4g2 Rb8
28. Qd2 Rbf8 29. Kh1 Kg7 30. f4 exf4 31. Qxf4 Kf7 32. Qd2 Qb6 33. Qe2 Ke7 34.
Qh5 Rh8 35. Qf3 Kd7 36. Rb1 Qb4 37. Qe3 Re8 38. Qd2 Qxd2 39. Rxd2 Rb8 40. Kg2
Kc7 41. Rbd1 Rb4 42. Re1 Re8 43. Rde2 Re5 44. Kf3 h5 45. Rb1 Rb8 46. Rbe1
1/2-1/2

[Event "WCPL:White Knights-East Glam Nomads"]
[Site "?"]
[Date "2016.04.16"]
[Round "6.5"]
[White "Hurn, Robert AJ"]
[Black "Buttell, David"]
[Result "0-1"]
[WhiteElo "1629"]
[BlackElo "1781"]
[PlyCount "136"]
[EventDate "2016.03.14"]

1. d4 d5 2. c4 e6 3. Nc3 Nf6 4. cxd5 exd5 5. Bg5 c6 6. e3 Be7 7. Qc2 Nbd7 8.
Bd3 O-O 9. Nge2 Re8 10. O-O Nf8 11. a3 Nh5 12. Bxe7 Qxe7 13. Rae1 g6 14. Qd2 f5
15. Nc1 Nd7 16. Kh1 Qh4 17. Kg1 Ndf6 18. f3 Bd7 19. Bb1 Qg5 20. Nd3 Re7 21. b4
Rae8 22. Ne5 Bc8 23. Nd1 Nd7 24. Nd3 Nhf6 25. Ba2 Kh8 26. Qf2 b6 27. Qd2 Ba6
28. Bb1 Bc4 29. Rf2 Qh6 30. N3b2 Bb3 31. Rff1 b5 32. Qc3 Bxd1 33. Nxd1 Re6 34.
Qd2 Nb6 35. Bd3 R8e7 36. Rf2 Ne8 37. Rfe2 Nd6 38. Nb2 Nbc4 39. Nxc4 bxc4 40.
Bc2 a6 41. Ba4 Nb5 42. Bxb5 axb5 43. Qc3 Kg8 44. Qc1 Qg7 45. Kf2 f4 46. Qd2
fxe3+ 47. Rxe3 Qh6 48. Qc1 Rxe3 49. Rxe3 Qf4 50. Qc3 Rxe3 51. Qxe3 Qxe3+ 52.
Kxe3 Kg7 53. g3 Kf6 54. h3 h5 55. Kd2 Kg5 56. Ke3 Kf5 57. h4 g5 58. hxg5 Kxg5
59. Kd2 h4 60. gxh4+ Kxh4 61. Ke3 Kg5 62. f4+ Kg4 63. f5 Kxf5 64. Kd2 Ke4 65.
Kc3 Ke3 66. Kc2 Kxd4 67. Kd2 c3+ 68. Kc2 Kc4 0-1